000 00741nam a2200265Ia 4500
003 OSt
005 20220925183920.0
006 a|||||r|||| 00| 0
007 ta
008 220923b |||||||| |||| 00| 0 eng d
020 _a8120802160
037 _cGeneral Book
040 _aRTL
_cRTL
_beng
041 _2eng
_aeng
082 _aO152,1I00x, 111M3
100 _aHess Linda
_9259691
245 0 _aBijak of Kabir
260 _aDelhi
_bM.L.B.D.
_c1983
300 _axiii, 200p
_ccm.
500 _aGlossory: P 197-198; Bibliography: P 199-200
650 _aSociology
700 _a Singh Sukdev
_9259692
942 _hO152,1I00x, 111M3
_cGB
_2CC
999 _c506208
_d506208